000 00868nam a2200253Ia 4500
003 OSt
005 20220923211403.0
006 a|||||r|||| 00| 0
007 ta
008 Pun
020 _a9788189284749 (hbk)
_c250
024 _a242,746
037 _b165, 24/10/2009, H.K. Prakashan
_cTextual
040 _aARTS
_cARTS
_bPun
041 _2Pun
_aPun
082 _aO153,1J56,MS:g, P8
100 _aਕੌਰ, ਗੁਰਪ੍ਰੀਤ
245 0 _aਪੰਜਾਬੀ ਵਿਚ ਕਿੱਸਾ ਮਿਰਗ਼ਾ ਸਾਹਿਬਾਂ
260 _aਅੰਮ੍ਰਿਤਸਰ
_b ਰਸ਼ਹੀ ਪ੍ਰਕਾFਨ
_c2008
300 _a224ਪੰ
_ccm.
650 _aਪੰਜਾਬੀ ਸਾਹਿਤ
942 _hO153,1J56,MS:g, P8
_cTEXL
_2CC
999 _c298982
_d298982